People's Sexiest Men by Picture Quiz Stats

 Plays Quiz Updated Nov 17, 2018

Challenge
Share
Tweet
Score 0/28 Timer 04:00
1 Play Today
Column Sexiest Man % Correct
George Clooney
95.9%
Brad Pitt
95.1%
Tom Cruise
95%
Matt Damon
91.1%
Johnny Depp
90.8%
Dwayne 'The Rock' Johnson
89.8%
Denzel Washington
85.7%
Harrison Ford
82.9%
Patrick Swayze
78.4%
David Beckham
77.3%
Richard Gere
76.4%
Pierce Brosnan
76.3%
Channing Tatum
73%
Mel Gibson
72.9%
Column Sexiest Man % Correct
Idris Elba
72.3%
Hugh Jackman
72%
Bradley Cooper
71.3%
Chris Hemsworth
64.2%
Jude Law
63.9%
Adam Levine
63.8%
Sean Connery
63.7%
Ben Affleck
57%
Blake Shelton
51.2%
Matthew McConaughey
46.7%
John F. Kennedy Jr.
44.1%
Nick Nolte
43.7%
Mark Harmon
36.2%
Harry Hamlin
23.4%

You're not logged in!

Compare scores with friends on all Sporcle quizzes.
OR
Log In

You Might Also Like...

Show Comments

Extras

Top Quizzes Today


Score Distribution

Your Account Isn't Verified!

In order to create a playlist on Sporcle, you need to verify the email address you used during registration. Go to your Sporcle Settings to finish the process.

Report this User

Report this user for behavior that violates our Community Guidelines.

Details: